000 00550nam a2200169 i 4500
001 59059
003 ES-MaACL
005 20230906163942.0
007 t|
008 031027s1943 sp ||||1| spa d
100 1 _aEdlbacher, S.
_946643
245 1 0 _aCompendio de química fisiológica /
_cpor S. Edlbacher ; traducido de la última edición alemana por Enrique Recarte Casanova.
260 _aMadrid :
_bEspasa-Calpe,
_c1943.
300 _a363 p. ;
_c24 cm.
700 1 _aRecarte Casanova, Enrique.
_995741
852 _aES-MaACL
_jF-15495
_bR.19746
999 _c59059
_d59059